La pacificación en Nicaragua/
Furkejuvvon:
| Váldodahkki: | |
|---|---|
| Eará dahkkit: | |
| Materiálatiipa: | Texto |
| Almmustuhtton: |
San José:
FLACSO. Programa Costa Rica
|
| Fáttát: | |
| Fáddágilkorat: |
Lasit fáddágilkoriid
Eai fáddágilkorat, Lasit vuosttaš fáddágilkora!
|
MARC
| LEADER | 00000 a a2200000 04500 | ||
|---|---|---|---|
| 001 | 11744 | ||
| 003 | |||
| 040 | |a CRAI/IIS |c CRAI/IIS | ||
| 090 | |a 140700 | ||
| 100 | |a Lara, Xochitl | ||
| 245 | |a La pacificación en Nicaragua/ |c Xochitl Lara | ||
| 260 | |a San José: |b FLACSO. Programa Costa Rica | ||
| 300 | |a 166 p. | ||
| 300 | |b **no definido** |b fonodiscos | ||
| 650 | |a GUERRA | ||
| 650 | |a GUERRA CIVIL | ||
| 650 | |a VIOLENCIA | ||
| 650 | |a FUERZAS ARMADAS | ||
| 650 | |a MILITARISMO | ||
| 650 | |a SOLUCION DE CONFLICTOS | ||
| 650 | |a PAZ | ||
| 650 | |a MANTENIMIENTO DE LA PAZ | ||
| 650 | |a PROBLEMAS SOCIALES | ||
| 650 | |a GOBIERNO | ||
| 650 | |a ESTADO | ||
| 650 | |a INTERVENCION DEL ESTADO | ||
| 650 | |a VIOLENCIA | ||
| 650 | |a FUERZAS ARMADAS | ||
| 700 | |a Herrera, René | ||
| 999 | |c 16170 |d 16170 | ||
